Μελέτη συμπεριφοράς καταναλωτών ως προς την πρόθεση χρήσης της ψηφιακής τηλεόρασης : μεταπτυχιακή διατριβή

Μοντέλο συμπεριφοράς καταναλωτή με βάση τη ψηφιακή τηλεόραση.

Αποθηκεύτηκε σε:
Λεπτομέρειες βιβλιογραφικής εγγραφής
Κύριος συγγραφέας: Χατζηβασιλείου, Θωμαή
Συγγραφή απο Οργανισμό/Αρχή: Πανεπιστήμιο Αιγαίου. Σχολή Θετικών Επιστημών. Τμήμα Μηχανικών Πληροφοριακών και Επικοινωνιακών Συστημάτων. Π.Μ.Σ. Τεχνολογίες και Διοίκηση Πληροφοριακών και Επικοινωνιακών Συστημάτων. Διοίκηση Πληροφοριακών Συστημάτων
Μορφή: Thesis Βιβλίο
Γλώσσα:Greek
Δημοσίευση: 2010.
Θέματα:
Διαθέσιμο Online:http://hdl.handle.net/11610/12597
Ετικέτες: Προσθήκη ετικέτας
Δεν υπάρχουν, Καταχωρήστε ετικέτα πρώτοι!

MARC

LEADER 00000cam a2200000 i 4500
001 1/6204
008 100329s2010 gr | ||| |||| ||gre||
035 |l 10107430 
040 |a GR-MyUA  |b gre  |e AACR2 
041 0 |a gre 
082 0 |a 621.388   |2 (22) 
100 1 |a Χατζηβασιλείου, Θωμαή. 
245 1 0 |a Μελέτη συμπεριφοράς καταναλωτών ως προς την πρόθεση χρήσης της ψηφιακής τηλεόρασης :   |b μεταπτυχιακή διατριβή /   |c της Θωμαής Χατζηβασιλείου ; επιβλέπων καθηγητής Γεώργιος Λεκάκος.  
260 |c 2010.  
300 |a 160 σ. :   |b εικ., πιν. ;   |c 30 εκ.  
502 |a Διατριβή (μεταπτυχιακή) – Πανεπιστήμιο Αιγαίου, Σάμος, 2010.  
504 |a Βιβλιογραφία: σ. 132-139.  
506 0 |a Διάθεση πλήρους κειμένου - Ελεύθερη πρόσβαση.  
520 |a Μοντέλο συμπεριφοράς καταναλωτή με βάση τη ψηφιακή τηλεόραση.  
540 |a Κλειδωμένη η δυνατότητα αντιγραφής (copy) του κειμένου.  
610 2 0 |a University of the Aegean  |x Dissertations. 
650 0 0 |a Digital television. 
650 0 0 |a Consumer behavior  |x Research. 
650 0 0 |a Dissertations, Academic  |z Greece. 
700 1 |a Λεκάκος, Γεώργιος,  |e dgs 
710 2 |a Πανεπιστήμιο Αιγαίου.   |b Σχολή Θετικών Επιστημών.   |b Τμήμα Μηχανικών Πληροφοριακών και Επικοινωνιακών Συστημάτων.   |b Π.Μ.Σ. Τεχνολογίες και Διοίκηση Πληροφοριακών και Επικοινωνιακών Συστημάτων.   |b Διοίκηση Πληροφοριακών Συστημάτων. 
852 |a INST  |b SAMOS  |c DIATR  |e 20100329  |h 621.388 ΧΑΤ  |p 005300032229  |q 005300032229  |t MTXE  |y 23 
852 |a INST  |b SAMOS  |c DIATR  |e 20100329  |h 621.388 ΧΑΤ  |p 005300032230  |q 005300032230  |t MTXE  |y 23 
856 |u http://hdl.handle.net/11610/12597 
901 |a BIBL3-2010-1 
909 |a Σ  |b 162009 
909 |a Σ  |b 162010 
924 |a ΧΑΤΖΗΒΑΣΙΛΕΙΟΥ  |b ΘΩΜΑΗ  |y Σάμος  |z 2010-02 
970 |a ΚΟΣΙΕΡΗΣ  |b ΧΡΗΣΤΟΣ  |z 2010/03/29